00930cpcaa2200289 a 4500001001300000003000400013005001700017008004100034010001700075040002400092072001200116100002100128245004700149300001300196506002200209520012700231545002100358546003500379580005700414600002300471610002100494651002900515651002900544651002700573656002300600999001700623mm 80004364 DLC20260227111702.0800115|||||||||||| fre  amm 80004364  aDLCcDLCedacsdDLC 7aC2lcmd1 aValete, Charles.00aCharles Valete agreement,f1791 January 8. a1fitem.0 aOpen to research.8 aValete's agreement with François Cayol, captain of the ship Les Bons Amis, relating to trade with Port-au-Prince, Haiti.0 aFrench merchant. aCollection material in French. aForms part of: Miscellaneous Manuscripts collection.10aCayol, François.20aBons Amis (Ship) 0aFrancexCommercezHaiti. 0aHaitixCommercezFrance. 0aPort-au-Prince (Haiti) 7aMerchants.2itoamc c42729d42729